[Event "TCh-GEO Club 2014"]
[Site "Ureki GEO"]
[Date "2014.10.01"]
[Round "5.3"]
[White "Kasoshvili, Tsiala"]
[Black "Melia, Salome"]
[Result "0-1"]
[WhiteTitle "WIM"]
[BlackTitle "IM"]
[WhiteElo "2161"]
[BlackElo "2464"]
[WhiteTeam "Chess Club Gori"]
[BlackTeam "Chess Club Nona (Adjara)"]
[WhiteFideId "13600354"]
[BlackFideId "13602446"]
[EventDate "2014.09.27"]

1. d4 c5 2. dxc5 e6 3. Nf3 Bxc5 4. e3 Nf6 5. c4 b6 6. Nc3 O-O 7. Be2 Bb7 8. O-O
Be7 9. b3 a6 10. Bb2 d6 11. Nd4 Nbd7 12. Bf3 Bxf3 13. Qxf3 Ne5 14. Qe2 Qc7 15.
Rad1 Rac8 16. f4 Ned7 17. f5 e5 18. Nf3 e4 19. Ng5 Nc5 20. Rd4 Qb7 21. Nh3 b5
22. Nf2 bxc4 23. bxc4 Rfe8 24. Nd5 Bd8 25. Rd2 Nxd5 26. Rxd5 Na4 27. Bd4 Nb6 28.
Rb1 Qc6 29. f6 Nxd5 30. cxd5 Qc2 31. Qxc2 Rxc2 32. fxg7 f6 33. Nh3 Kxg7 34. Nf4
Rxa2 35. Rb7+ Be7 36. h4 a5 37. Kh2 a4 38. Kh3 a3 39. Ra7 Kf7 40. Kg4 Rg8+ 41.
Kf5 Rf2 42. Bxf6 Re8 43. g4 a2 44. g5 Kg8 45. Bd4 Bf8 46. h5 Re5+ 47. Kg4 Re7
48. Ra8 Rb7 49. Ne6 Rbf7 50. Nf4 Rb7 51. Bf6 Rf7 52. Kf5 h6 53. g6 Rxf6+ 54.
Kxf6 a1=Q+ 55. Rxa1 Bg7+ 56. Ke6 Bxa1 57. Kf5 Be5 58. Kxe4 Bxf4 59. exf4 Kg7 60.
Kf5 Re2 0-1

[Event "TCh-GEO Club 2014"]
[Site "Ureki GEO"]
[Date "2014.10.01"]
[Round "5.3"]
[White "Kumsiashvili, Nikoloz"]
[Black "Licheli, Luka"]
[Result "1-0"]
[WhiteElo "2179"]
[BlackElo "1925"]
[WhiteTeam "Chess Club Nona (Adjara)"]
[BlackTeam "Chess Club Gori"]
[WhiteFideId "13600621"]
[BlackFideId "13602500"]
[EventDate "2014.09.27"]

1. d4 Nf6 2. c4 e6 3. Nf3 Bb4+ 4. Bd2 Qe7 5. g3 Nc6 6. Nc3 O-O 7. Bg2 Bxc3 8.
Bxc3 Ne4 9. Rc1 Nxc3 10. Rxc3 d6 11. d5 Nb8 12. Qc2 Nd7 13. O-O a5 14. Ra3 Ra6
15. Qd2 b6 16. dxe6 fxe6 17. Nd4 Nc5 18. Nc6 Qe8 19. Nb8 Ra7 20. b4 Bb7 21. bxc5
Bxg2 22. Kxg2 Qxb8 23. cxd6 cxd6 24. Qe3 e5 25. Rb1 Qb7+ 26. Kg1 Rb8 27. Rab3
Ra6 28. Qd3 Re8 29. Qxd6 b5 30. Qd2 b4 31. a3 Qe4 32. axb4 axb4 33. Rxb4 Qd4 34.
Qxd4 exd4 35. Rb8 Re6 36. Rxe8+ Rxe8 37. Kf1 Rc8 38. Rc1 Kf7 39. Ke1 Ke6 40. Kd2
g5 41. Kd3 Ke5 42. Rb1 g4 43. Rb5+ Ke6 44. Rg5 1-0

[Event "TCh-GEO Club 2014"]
[Site "Ureki GEO"]
[Date "2014.10.01"]
[Round "5.4"]
[White "Gamzardia, Giorgi"]
[Black "Chkhaidze, Nikoloz"]
[Result "0-1"]
[WhiteTitle "FM"]
[WhiteElo "2104"]
[BlackElo "2227"]
[WhiteTeam "Chess Club Samegrelo"]
[BlackTeam "Chess Club Guria"]
[WhiteFideId "13603388"]
[BlackFideId "13601750"]
[EventDate "2014.09.27"]

1. Nf3 Nc6 2. d4 d5 3. e3 Bg4 4. Be2 Nf6 5. O-O Bxf3 6. Bxf3 e5 7. dxe5 Nxe5 8.
b3 c6 9. Bb2 Bd6 10. Nd2 Qc7 11. Be2 O-O-O 12. f4 Ned7 13. Bd3 Rhe8 14. Qf3 Bb4
15. c3 Rxe3 16. cxb4 Rxf3 17. Nxf3 Qxf4 18. Rad1 Ng4 19. g3 Qxb4 20. Rfe1 Qb6+
21. Bd4 c5 22. Bb2 d4 23. Re4 f5 24. Re7 Ne3 25. Rc1 Kb8 26. Bc4 Nxc4 27. Rxc4
Qf6 28. Re1 f4 29. Kg2 fxg3 30. Rc2 Rf8 31. Rf1 Ne5 32. Nd2 Qc6+ 33. Kg1 Rxf1+
34. Nxf1 Nf3+ 0-1

[Event "TCh-GEO Club 2014"]
[Site "Ureki GEO"]
[Date "2014.10.01"]
[Round "5.4"]
[White "Chkhikvishvili, Mindia"]
[Black "Patsia, Zviad"]
[Result "1-0"]
[WhiteElo "2050"]
[BlackElo "2119"]
[WhiteTeam "Chess Club Guria"]
[BlackTeam "Chess Club Samegrelo"]
[WhiteFideId "13603736"]
[BlackFideId "13603485"]
[EventDate "2014.09.27"]

1. e4 Nf6 2. d3 e5 3. f4 d5 4. fxe5 Ng4 5. exd5 Qxd5 6. Nf3 Nxe5 7. Nxe5 Qxe5+
8. Qe2 Bd6 9. d4 Qxe2+ 10. Bxe2 Nc6 11. c3 O-O 12. O-O Be6 13. Nd2 Rfe8 14. Bf3
Rad8 15. b3 Bf4 16. Ne4 Bxc1 17. Raxc1 Bd5 18. Rce1 b6 19. Nf6+ gxf6 20. Rxe8+
Rxe8 21. Bxd5 Ne7 22. Bc4 Kg7 23. Re1 Kf8 24. Rf1 Kg7 25. Re1 Kf8 26. Kf2 Ng6
27. Rxe8+ Kxe8 28. Kg3 Ke7 29. Kg4 f5+ 30. Kg5 f6+ 31. Kh6 Nh4 32. g3 Nf3 33. h4
f4 34. Bd5 Ng1 35. gxf4 Ne2 36. f5 Nxc3 37. Be6 Ne2 38. Kxh7 Nxd4 39. Kg6 Ne2
40. Bc4 Nf4+ 41. Kg7 c5 42. Bf7 Ng2 43. h5 Ne3 44. Be6 Ng4 45. h6 1-0

[Event "TCh-GEO Club 2014"]
[Site "Ureki GEO"]
[Date "2014.10.01"]
[Round "5.4"]
[White "Bokuchava, Madona"]
[Black "Imnadze, Nato"]
[Result "1/2-1/2"]
[WhiteTitle "WFM"]
[BlackTitle "WFM"]
[WhiteElo "2003"]
[BlackElo "2082"]
[WhiteTeam "Chess Club Samegrelo"]
[BlackTeam "Chess Club Guria"]
[WhiteFideId "13603663"]
[BlackFideId "13600974"]
[EventDate "2014.09.27"]

1. d4 d6 2. e4 Nf6 3. Bd3 e5 4. c3 Be7 5. Nd2 c6 6. Ngf3 Nbd7 7. O-O Qc7 8. Re1
O-O 9. a4 b6 10. Nf1 Re8 11. Ng3 g6 12. Qb3 Nf8 13. Ng5 Ne6 14. Bc4 Bf8 15. f4
exf4 16. Nxe6 Bxe6 17. Bxf4 Bg7 18. Re2 Rad8 19. Rf1 h6 20. Bxh6 Bxh6 21. Rxf6
Bg5 22. Rf1 Kg7 23. Bxe6 Rxe6 24. Qc2 Qe7 25. Qd3 Bh4 26. d5 cxd5 27. exd5 Rxe2
28. Nxe2 Bg5 29. Qf3 Re8 30. Ng3 Qe3+ 31. Kh1 Qxf3 32. gxf3 Bf4 33. Kg2 Re5 34.
c4 f5 35. h4 Kh6 36. b4 Re3 37. Rb1 Rc3 38. c5 bxc5 39. Ne2 Rc2 40. Kf1 Be3 41.
Rb3 Bd2 42. bxc5 Rxc5 43. Rd3 Ba5 44. Kg2 Rc4 45. Nd4 Rxa4 46. Nb5 Bb4 47. Rd4
Ra2+ 48. Kh3 Bc5 49. Rd1 Be3 50. Kg3 g5 51. hxg5+ Kxg5 52. f4+ Bxf4+ 53. Kf3 Be5
54. Rg1+ Kf6 55. Rg8 Ra5 56. Rb8 a6 57. Nc7 Ra3+ 58. Ke2 Kg5 59. Ne6+ Kg4 60.
Rg8+ Kh4 61. Rf8 f4 62. Nxf4 Bxf4 63. Rxf4+ Kg5 64. Rf8 Ra5 65. Ke3 Rxd5 66. Ke4
Re5+ 67. Kd4 a5 68. Rd8 Re6 69. Ra8 Re5 70. Ra6 1/2-1/2

[Event "TCh-GEO Club 2014"]
[Site "Ureki GEO"]
[Date "2014.10.01"]
[Round "5.4"]
[White "Kuridze, Mishiko"]
[Black "Ghvamberia, Nika"]
[Result "0-1"]
[WhiteElo "1647"]
[BlackElo "2105"]
[WhiteTeam "Chess Club Guria"]
[BlackTeam "Chess Club Samegrelo"]
[WhiteFideId "13608100"]
[BlackFideId "13602128"]
[EventDate "2014.09.27"]

1. e4 c5 2. Nf3 Nc6 3. Bb5 d6 4. Bxc6+ bxc6 5. O-O Bg4 6. Qe2 Nf6 7. d3 e5 8. h3
Bh5 9. Be3 Qd7 10. Nbd2 Be7 11. c3 O-O 12. d4 cxd4 13. cxd4 d5 14. Qa6 exd4 15.
Nxd4 c5 16. Nf5 Nxe4 17. Nxe4 Qxf5 18. Bxc5 Qxe4 19. Rfe1 Qxe1+ 20. Rxe1 Bxc5
21. Qc6 Rac8 22. Qxd5 Bg6 23. a3 Rfd8 24. Qf3 h6 25. b4 Bb6 26. a4 Rc2 27. Kh1
Rxf2 28. Qg3 Rc2 29. a5 Bf2 0-1

[Event "TCh-GEO Club 2014"]
[Site "Ureki GEO"]
[Date "2014.10.02"]
[Round "6.1"]
[White "Gamzardia, Giorgi"]
[Black "Pantsulaia, Levan"]
[Result "0-1"]
[WhiteTitle "FM"]
[BlackTitle "GM"]
[WhiteElo "2104"]
[BlackElo "2590"]
[WhiteTeam "Chess Club Samegrelo"]
[BlackTeam "Chess Club Rustavi"]
[WhiteFideId "13603388"]
[BlackFideId "13602071"]
[EventDate "2014.09.27"]

1. Nf3 c5 2. b3 d5 3. e3 a6 4. d4 cxd4 5. Nxd4 e5 6. Nf3 Nc6 7. Bb2 Bb4+ 8. Nbd2
f6 9. a3 Ba5 10. b4 Bc7 11. c4 Nge7 12. cxd5 Nxd5 13. Bc4 Nb6 14. Bb3 Qe7 15.
Ne4 Bg4 16. h3 Bh5 17. O-O Rd8 18. Qc2 Bf7 19. Nc5 Bd6 20. Nd2 Bxc5 21. Bxf7+
Qxf7 22. bxc5 Nc8 23. Rfd1 O-O 24. Ne4 Qe6 25. Rxd8 Rxd8 26. Rd1 Rd5 27. Rxd5
Qxd5 28. Nc3 Qe6 29. Qd3 N8e7 30. Ne4 Qa2 31. Nd6 h6 32. Qc3 Nd8 33. Qa5 Ndc6
34. Qb6 Qb1+ 35. Kh2 Qc2 36. Nxb7 Qxf2 37. Nd8 Nxd8 38. Qxd8+ Kf7 39. Bc1 Qc2
40. Bd2 Qxc5 41. Bb4 Qa7 42. e4 Qb7 43. Kh1 Ng6 44. Qd3 Nf4 45. Qc4+ Kg6 46. a4
Qd7 47. Qf1 Qxa4 48. Bd2 Qxe4 49. Bxf4 Qxf4 50. Qxa6 e4 0-1

[Event "TCh-GEO Club 2014"]
[Site "Ureki GEO"]
[Date "2014.10.02"]
[Round "6.1"]
[White "Paichadze, Luka"]
[Black "Patsia, Zviad"]
[Result "1-0"]
[WhiteTitle "GM"]
[WhiteElo "2543"]
[BlackElo "2119"]
[WhiteTeam "Chess Club Rustavi"]
[BlackTeam "Chess Club Samegrelo"]
[WhiteFideId "13602934"]
[BlackFideId "13603485"]
[EventDate "2014.09.27"]

1. e4 Nf6 2. e5 Nd5 3. d4 d6 4. c4 Nb6 5. f4 dxe5 6. fxe5 Nc6 7. Be3 Bf5 8. Nc3
e6 9. Nf3 Bg4 10. Be2 Bxf3 11. gxf3 Qh4+ 12. Bf2 Qf4 13. c5 Nd5 14. Nxd5 exd5
15. Qd2 Qxd2+ 16. Kxd2 g6 17. Be3 Ne7 18. Bd3 Kd7 19. b4 Ke6 20. b5 Nf5 21. Rhf1
f6 22. Bxf5+ Kxf5 23. exf6 Re8 24. Rg1 Kxf6 25. Bf4 Kf5 26. Bxc7 Bh6+ 27. f4 Re4
28. Kd3 Rhe8 29. Be5 Bxf4 30. Bxf4 Rxf4 31. Raf1 g5 32. a4 h5 33. a5 g4 34.
Rxf4+ Kxf4 35. Rf1+ Kg5 36. Rf7 Kg6 37. Rd7 h4 38. Rd6+ Kg7 39. Rxd5 Kg6 40. c6
bxc6 41. bxc6 g3 42. hxg3 hxg3 43. Rc5 g2 44. Rc1 Kf5 45. Rg1 Rg8 46. c7 Rc8 47.
Rxg2 Rxc7 48. Re2 Kf6 49. d5 Rc5 50. Kd4 Rxa5 51. d6 Ra1 52. Kd5 Rd1+ 53. Kc6 a5
54. d7 Rc1+ 55. Kb7 Rd1 56. Kc7 Rc1+ 57. Kd8 Rh1 58. Rc2 1-0

[Event "TCh-GEO Club 2014"]
[Site "Ureki GEO"]
[Date "2014.10.02"]
[Round "6.1"]
[White "Bokuchava, Madona"]
[Black "Khurtsidze, Nino"]
[Result "0-1"]
[WhiteTitle "WFM"]
[BlackTitle "IM"]
[WhiteElo "2003"]
[BlackElo "2467"]
[WhiteTeam "Chess Club Samegrelo"]
[BlackTeam "Chess Club Rustavi"]
[WhiteFideId "13603663"]
[BlackFideId "13600320"]
[EventDate "2014.09.27"]

1. d4 Nf6 2. Nf3 b5 3. g3 e6 4. Bg2 d5 5. O-O c5 6. dxc5 Bxc5 7. b3 Bb7 8. Bb2
Nbd7 9. Nbd2 b4 10. Ne1 O-O 11. Nd3 Be7 12. c4 bxc3 13. Bxc3 Qb6 14. Bb2 Rfd8
15. Rc1 a5 16. Qc2 Bd6 17. Nf3 a4 18. Bd4 Qb5 19. bxa4 Qxa4 20. Qb3 Rdb8 21. Rc2
Bc6 22. Qxa4 Bxa4 23. Rcc1 Bb5 24. Rc2 Bxd3 25. exd3 Ra3 26. Rd1 Rba8 27. Rc6
Bf8 28. h3 h6 29. g4 Rxa2 30. Rdc1 Kh7 31. Bf1 R2a6 32. Bxf6 Rxc6 33. Rxc6 Nxf6
34. Ne5 Kg8 35. h4 g5 36. hxg5 hxg5 37. Be2 Ne8 38. Nf3 Be7 39. Kg2 Nd6 40. Nxg5
Ra2 41. Kf1 Ra1+ 42. Kg2 Re1 43. Bf3 Nb5 44. Nxe6 fxe6 45. Rxe6 Rxe6 46. Bxd5
Nc7 47. Bxe6+ Nxe6 48. Kf3 Bc5 49. Kg3 Kf7 50. Kf3 Kf6 51. Kg3 Kg5 52. Kf3 Kh4
53. Ke4 Bxf2 54. Kf5 Nd4+ 55. Kf4 Bg1 56. g5 Kh5 57. Ke4 Kxg5 58. Ke5 Kg4 59.
Ke4 Kg3 60. Kd5 Kf4 61. Kc5 Ke3 62. Kc4 Kd2 63. Kc5 Kxd3 64. Kd5 Bh2 65. Kc5 Bc7
66. Kd5 Ke3 67. Kc5 Ke4 68. Kb4 Bb6 69. Kc4 Ba7 70. Kb4 Kd3 71. Ka5 Kc4 72. Ka6
Nb5 73. Kb7 Kd5 74. Ka8 Bc5 75. Kb7 Nd6+ 76. Kc7 Ba7 77. Kd7 Bb6 78. Ke7 Ne4 79.
Kd7 Nc5+ 80. Kc8 Kc6 81. Kb8 Na6+ 82. Ka8 Nc7+ 83. Kb8 Bd4 84. Kc8 Ba7 85. Kd8
Nd5 86. Ke8 Kd6 87. Kf7 Bf2 88. Kg6 Ke5 89. Kg5 Ne3 90. Kg6 Ke6 91. Kg5 Bg3 92.
Kg6 Bh4 93. Kh5 Bf6 94. Kg6 Ng4 95. Kh5 Ne5 96. Kh6 Kf5 97. Kh5 Be7 98. Kh6 Kg4
99. Kh7 Kh5 100. Kg7 Kg5 101. Kh7 Bf8 102. Kg8 Bh6 103. Kh7 Nd7 104. Kh8 Kg6
105. Kg8 Nf6+ 0-1

[Event "TCh-GEO Club 2014"]
[Site "Ureki GEO"]
[Date "2014.10.02"]
[Round "6.1"]
[White "Beradze, Irakli"]
[Black "Ghvamberia, Nika"]
[Result "1-0"]
[WhiteElo "2326"]
[BlackElo "2105"]
[WhiteTeam "Chess Club Rustavi"]
[BlackTeam "Chess Club Samegrelo"]
[WhiteFideId "13604597"]
[BlackFideId "13602128"]
[EventDate "2014.09.27"]

1. Nf3 c5 2. g3 Nc6 3. Bg2 Nf6 4. O-O g6 5. c3 Bg7 6. d4 cxd4 7. cxd4 d5 8. Nc3
Ne4 9. Qb3 Nxc3 10. bxc3 O-O 11. Nd2 e6 12. e4 dxe4 13. Nxe4 Qc7 14. Qc4 Kh8 15.
Rb1 a6 16. Qc5 Rd8 17. Bf4 Qe7 18. Qxe7 Nxe7 19. Nd6 Kg8 20. Bxb7 Bxb7 21. Rxb7
Nd5 22. Nxf7 Nxf4 23. gxf4 Rdc8 24. Ng5 Rxc3 25. Nxe6 Bf6 26. d5 Rd3 27. Rfb1
Rc8 28. Rd7 h5 29. Kg2 Rd2 30. d6 Bb2 31. Rc7 Re8 32. d7 Rxe6 33. Rxb2 1-0

[Event "TCh-GEO Club 2014"]
[Site "Ureki GEO"]
[Date "2014.10.02"]
[Round "6.2"]
[White "Morchiashvili, Bachana"]
[Black "Shalamberidze, Akaki"]
[Result "1/2-1/2"]
[WhiteTitle "IM"]
[BlackTitle "IM"]
[WhiteElo "2327"]
[BlackElo "2406"]
[WhiteTeam "Chess Club Gori"]
[BlackTeam "Chess Club Guria"]
[WhiteFideId "13602535"]
[BlackFideId "13600532"]
[EventDate "2014.09.27"]

1. d4 d5 2. c4 c6 3. Nf3 Nf6 4. Nc3 dxc4 5. a4 Bf5 6. e3 e6 7. Bxc4 Nbd7 8. O-O
Bb4 9. Qe2 O-O 10. e4 Bg6 11. e5 Nd5 12. Nxd5 cxd5 13. Bd3 Nb8 14. Bxg6 fxg6 15.
Ng5 Qd7 16. Qg4 Rf5 17. f4 Nc6 18. Be3 Nd8 1/2-1/2

[Event "TCh-GEO Club 2014"]
[Site "Ureki GEO"]
[Date "2014.10.02"]
[Round "6.2"]
[White "Chkhaidze, Nikoloz"]
[Black "Khakhutashvili, Alexandre"]
[Result "1-0"]
[WhiteElo "2227"]
[BlackElo "1809"]
[WhiteTeam "Chess Club Guria"]
[BlackTeam "Chess Club Gori"]
[WhiteFideId "13601750"]
[BlackFideId "13605313"]
[EventDate "2014.09.27"]

1. Nf3 c5 2. c4 Nc6 3. Nc3 e5 4. g3 g6 5. Bg2 Bg7 6. O-O Nge7 7. Ne1 O-O 8. Nc2
d6 9. a3 Be6 10. Ne3 Qd7 11. Re1 f5 12. Ned5 Rac8 13. d3 h6 14. Bd2 Kh7 15. b4
g5 16. bxc5 dxc5 17. Rb1 b6 18. f4 exf4 19. gxf4 g4 20. e4 Ng6 21. e5 Nh4 22.
Bh1 Nd4 23. Rf1 Qf7 24. Be1 Nhf3+ 25. Bxf3 Nxf3+ 26. Rxf3 gxf3 27. Qxf3 Rg8 28.
Kh1 Bh8 29. a4 Rg4 30. Ne3 Rg6 31. Ncd5 Rcg8 32. Bg3 Bd7 33. Qh5 Rf8 34. a5 Bg7
35. axb6 axb6 36. Qe2 Bc6 37. Rxb6 Bxd5+ 38. Nxd5 Rxb6 39. Nxb6 Qb7+ 40. Nd5 Ra8
41. Kg2 Qb1 42. Kh3 Ra2 43. Qf3 Rd2 44. e6 Rxd3 45. Qe2 Bf8 46. e7 Bxe7 47.
Qxe7+ Kh8 48. Qf6+ Kh7 49. Qxf5+ Kh8 50. Ne3 Qb3 51. Qf8+ Kh7 52. Qf7+ Kh8 53.
Nf5 Qc3 54. Qf8+ Kh7 55. Qxh6+ Kg8 56. Qe6+ Kh7 57. Qe5 Qxe5 58. fxe5 Kg6 59.
Nd6 Rd4 60. Kg2 1-0

[Event "TCh-GEO Club 2014"]
[Site "Ureki GEO"]
[Date "2014.10.02"]
[Round "6.2"]
[White "Dotiashvili, Vasil"]
[Black "Chkhikvishvili, Mindia"]
[Result "0-1"]
[WhiteElo "1800"]
[BlackElo "2050"]
[WhiteTeam "Chess Club Gori"]
[BlackTeam "Chess Club Guria"]
[WhiteFideId "13606085"]
[BlackFideId "13603736"]
[EventDate "2014.09.27"]

1. e4 c5 2. Nc3 Nc6 3. Nf3 g6 4. d4 cxd4 5. Nxd4 Bg7 6. Be3 d6 7. Qd2 Nf6 8. f3
d5 9. Bb5 Bd7 10. exd5 Ne5 11. Be2 Rc8 12. O-O Nc4 13. Bxc4 Rxc4 14. Rad1 O-O
15. Kh1 a6 16. Nb3 b5 17. Nc5 Qc8 18. Qf2 b4 19. Nb1 Bf5 20. Rd2 Nd7 21. Nxd7
Bxd7 22. b3 Rc7 23. Bb6 Rb7 24. Bd4 Bh6 25. Be3 Bg7 26. Re1 Re8 27. Bd4 Bh6 28.
f4 Bf5 29. c4 bxc3 30. Nxc3 Rc7 31. Ne2 Rd7 32. Be5 f6 33. Bb2 Qb7 34. Nc3 e5
35. dxe6 Rxd2 36. Qxd2 Rxe6 37. Nd5 Rxe1+ 38. Qxe1 Qxd5 39. Qe8+ Bf8 40. h3 Bxh3
41. Qe7 0-1

[Event "TCh-GEO Club 2014"]
[Site "Ureki GEO"]
[Date "2014.10.02"]
[Round "6.2"]
[White "Imnadze, Nato"]
[Black "Kasoshvili, Tsiala"]
[Result "1-0"]
[WhiteTitle "WFM"]
[BlackTitle "WIM"]
[WhiteElo "2082"]
[BlackElo "2161"]
[WhiteTeam "Chess Club Guria"]
[BlackTeam "Chess Club Gori"]
[WhiteFideId "13600974"]
[BlackFideId "13600354"]
[EventDate "2014.09.27"]

1. e4 c6 2. d4 d5 3. Nd2 g6 4. c3 dxe4 5. Nxe4 Nd7 6. Bc4 Nb6 7. Bb3 Bg7 8. Nf3
Nd5 9. O-O Bf5 10. Ng3 Bg4 11. h3 Bxf3 12. Qxf3 Ngf6 13. Re1 O-O 14. h4 Re8 15.
h5 Qd7 16. Bg5 Rac8 17. Rad1 b5 18. Re2 Rc7 19. Rde1 e6 20. hxg6 hxg6 21. Ne4
Nh7 22. Bh4 Rcc8 23. Bc2 Ne7 24. Nc5 Qd5 25. Nxe6 Qxf3 26. gxf3 Nd5 27. Nxg7
Rxe2 28. Rxe2 Kxg7 29. Bb3 Rc7 30. Bg3 Rd7 31. a4 a6 32. Re8 Ng5 33. Kg2 Rb7 34.
a5 Ra7 35. Bd6 Ne6 36. Be5+ Kh6 37. Bxd5 cxd5 38. f4 g5 39. f5 Nf4+ 40. Kf3 f6
41. Bxf6 Nh3 42. Kg3 Ng1 43. Kg4 Ne2 44. Rh8+ Rh7 45. Bxg5+ Kg7 46. Rxh7+ Kxh7
47. Kf3 Ng1+ 48. Kg2 Ne2 49. Kf1 1-0

[Event "TCh-GEO Club 2014"]
[Site "Ureki GEO"]
[Date "2014.10.02"]
[Round "6.2"]
[White "Licheli, Luka"]
[Black "Kuridze, Mishiko"]
[Result "1/2-1/2"]
[WhiteElo "1925"]
[BlackElo "1647"]
[WhiteTeam "Chess Club Gori"]
[BlackTeam "Chess Club Guria"]
[WhiteFideId "13602500"]
[BlackFideId "13608100"]
[EventDate "2014.09.27"]

1. e4 c5 2. Nc3 d6 3. g3 b6 4. Bg2 Bb7 5. Nge2 g6 6. O-O Bg7 7. d4 e6 8. dxc5
dxc5 9. Nb5 Bc6 10. Qxd8+ Kxd8 11. Rd1+ Nd7 12. Nd6 Ke7 13. f4 f6 14. Be3 Nh6
15. h3 Rhd8 16. Rd2 Nf7 17. Nxf7 Kxf7 18. Rad1 Ke7 19. g4 Nf8 20. f5 Rxd2 21.
Rxd2 Rd8 22. Nf4 Rxd2 23. Bxd2 e5 24. Nd5+ Bxd5 25. exd5 Kd6 26. c4 g5 27. Kf2
Nd7 28. Ke3 Bf8 29. Be4 Kc7 30. Bc2 Bd6 31. Ba4 Nb8 32. a3 Na6 33. Bb5 Kb7 34.
Bxa6+ Kxa6 35. Kd3 Kb7 36. Be1 a6 37. Kc3 Kc7 38. Bg3 h6 39. Kb3 Kd7 40. Kc3 Kc7
41. a4 a5 1/2-1/2

[Event "TCh-GEO Club 2014"]
[Site "Ureki GEO"]
[Date "2014.10.02"]
[Round "6.3"]
[White "Azaladze, Shota"]
[Black "Nigalidze, Gaioz"]
[Result "1/2-1/2"]
[WhiteTitle "IM"]
[BlackTitle "GM"]
[WhiteElo "2498"]
[BlackElo "2538"]
[WhiteTeam "Chess Club Kutaisi"]
[BlackTeam "Chess Club Nona (Adjara)"]
[WhiteFideId "13603027"]
[BlackFideId "13603078"]
[EventDate "2014.09.27"]

1. Nf3 c5 2. g3 Nc6 3. Bg2 e5 4. c4 g6 5. Nc3 d6 6. O-O Nge7 7. Ne1 Be6 8. Nd5
Bg7 9. Nc2 O-O 10. d3 Qd7 11. Rb1 Bh3 12. b4 Bxg2 13. Kxg2 b6 14. b5 Nd4 15.
Nce3 Ndf5 16. Nxf5 Nxd5 17. cxd5 Qxf5 18. e4 Qd7 19. a4 f5 1/2-1/2

[Event "TCh-GEO Club 2014"]
[Site "Ureki GEO"]
[Date "2014.10.02"]
[Round "6.3"]
[White "Jojua, Davit"]
[Black "Managadze, Nikoloz"]
[Result "1/2-1/2"]
[WhiteTitle "GM"]
[BlackTitle "IM"]
[WhiteElo "2571"]
[BlackElo "2458"]
[WhiteTeam "Chess Club Nona (Adjara)"]
[BlackTeam "Chess Club Kutaisi"]
[WhiteFideId "13602543"]
[BlackFideId "13600575"]
[EventDate "2014.09.27"]

1. d4 d5 2. c4 e6 3. Nc3 Be7 4. cxd5 exd5 5. Bf4 c6 6. e3 Bf5 7. g4 Bg6 8. h4 h6
9. h5 Bh7 10. Bd3 Bxd3 11. Qxd3 Nf6 12. f3 Bd6 13. Nge2 Bxf4 14. Nxf4 Nbd7 15.
O-O-O Qe7 16. Nce2 O-O-O 17. Ng3 Ne8 18. Nf5 Qf8 19. Kb1 Nd6 20. e4 Nxf5 21.
gxf5 dxe4 22. fxe4 Nf6 23. Rhg1 Rg8 24. a3 Qe7 25. e5 Nd7 26. Qe2 Nb6 27. Rg3 a5
28. Qe4 Nc4 29. Rc3 Nd6 30. Nd5 Qe8 31. Qc2 Kb8 32. Nb6 Nc8 33. Nxc8 Rxc8 34.
Qe4 f6 35. Rh1 Qe7 36. e6 Rgd8 37. Rg1 Rd5 38. Rcg3 Qd6 39. e7 Re8 40. Rxg7 Rxd4
41. Qe1 Kc7 42. Qxa5+ Kd7 43. Qb6 Rd1+ 44. Rxd1 Qxd1+ 45. Ka2 Qd5+ 46. Ka1 Qd1+
47. Ka2 Qd5+ 48. Qb3 1/2-1/2

[Event "TCh-GEO Club 2014"]
[Site "Ureki GEO"]
[Date "2014.10.02"]
[Round "6.3"]
[White "Javakhadze, Zurab"]
[Black "Batsiashvili, Nino"]
[Result "0-1"]
[WhiteTitle "IM"]
[BlackTitle "IM"]
[WhiteElo "2423"]
[BlackElo "2426"]
[WhiteTeam "Chess Club Kutaisi"]
[BlackTeam "Chess Club Nona (Adjara)"]
[WhiteFideId "13603647"]
[BlackFideId "13602993"]
[EventDate "2014.09.27"]

1. Nf3 d5 2. g3 Nf6 3. Bg2 c5 4. O-O Nc6 5. d4 e6 6. c4 Be7 7. dxc5 Bxc5 8. cxd5
exd5 9. Nbd2 O-O 10. Nb3 Bb6 11. Nbd4 Re8 12. b3 Nxd4 13. Nxd4 Bg4 14. Nf3 Qe7
15. h3 Bd7 16. e3 Rad8 17. a4 Bf5 18. Bb2 Rc8 19. Nd4 Be4 20. a5 Bc5 21. a6 bxa6
22. Rxa6 Qb7 23. Rxf6 gxf6 24. Qg4+ Bg6 25. h4 Re5 26. Rc1 h5 27. Qf4 Bxd4 28.
Rxc8+ Qxc8 29. Bxd4 Rf5 30. Qd6 Qc1+ 31. Bf1 Qe1 32. f4 Qxg3+ 33. Bg2 Qxh4 34.
Qb8+ Kh7 35. Qxa7 Qe1+ 36. Kh2 h4 37. Qd7 Qg3+ 38. Kh1 h3 39. Bxd5 h2 40. Bg2
Qe1+ 0-1

[Event "TCh-GEO Club 2014"]
[Site "Ureki GEO"]
[Date "2014.10.02"]
[Round "6.3"]
[White "Melia, Salome"]
[Black "Arabidze, Meri"]
[Result "1-0"]
[WhiteTitle "IM"]
[BlackTitle "IM"]
[WhiteElo "2464"]
[BlackElo "2411"]
[WhiteTeam "Chess Club Nona (Adjara)"]
[BlackTeam "Chess Club Kutaisi"]
[WhiteFideId "13602446"]
[BlackFideId "13604040"]
[EventDate "2014.09.27"]

1. e4 d6 2. d4 Nf6 3. Nc3 e5 4. Nf3 Nbd7 5. Bc4 Be7 6. O-O O-O 7. a4 c6 8. a5
Rb8 9. Re1 b5 10. axb6 axb6 11. Bd3 Re8 12. Ne2 Bf8 13. Ng3 b5 14. b3 Qc7 15. h3
exd4 16. Nxd4 d5 17. Bb2 Bb7 18. exd5 Nxd5 19. Ndf5 Ne5 20. Nh5 f6 21. c4 bxc4
22. bxc4 Nxd3 23. Qxd3 Rxe1+ 24. Rxe1 Ba6 25. Qe4 Rxb2 26. cxd5 Qe5 27. Nh6+
gxh6 28. Qg4+ Qg5 29. Qe6+ Kh8 30. Qe8 Kg8 31. Qe6+ Kh8 32. Qe8 Kg8 33. Re7 Qxh5
34. Qxh5 Bxe7 35. Qe8+ Bf8 36. d6 Bc4 37. d7 Bf7 38. Qa8 Rd2 39. d8=Q Rxd8 40.
Qxd8 Kg7 41. Qc8 Bd5 42. Qg4+ Kf7 43. Qd7+ Kg8 44. h4 Bc5 45. Qg4+ Kf7 46. Qf5
Kg7 47. Kh2 Bd6+ 48. Kh3 Bf8 49. Qg4+ Kf7 50. Qd7+ Be7 51. Kg3 Be4 52. f3 Bd5
53. Kf4 Be6 54. Qxc6 h5 55. Qb5 f5 56. Qb7 Kf6 57. Qc7 h6 58. g3 Bb4 59. Ke3 Be7
60. Kd4 Ba3 61. Qb8 Bf7 62. Qb6+ Be6 63. Qd8+ Kf7 64. Qb8 Bf8 65. Ke5 Bg7+ 66.
Kd6 Bf8+ 67. Qxf8+ Kxf8 68. Kxe6 1-0

[Event "TCh-GEO Club 2014"]
[Site "Ureki GEO"]
[Date "2014.10.02"]
[Round "6.3"]
[White "Tutisani, Noe"]
[Black "Kumsiashvili, Nikoloz"]
[Result "1/2-1/2"]
[WhiteElo "2259"]
[BlackElo "2179"]
[WhiteTeam "Chess Club Kutaisi"]
[BlackTeam "Chess Club Nona (Adjara)"]
[WhiteFideId "13602853"]
[BlackFideId "13600621"]
[EventDate "2014.09.27"]

1. e4 c5 2. Nf3 e6 3. d4 cxd4 4. Nxd4 Nc6 5. Nc3 Qc7 6. Be3 a6 7. Qd2 Nf6 8.
O-O-O Bb4 9. f3 Ne5 10. Nb3 b5 11. Qe1 Rb8 12. Qg3 O-O 13. Bd4 Bd6 14. f4 Nh5
15. fxe5 Nxg3 16. exd6 Qxd6 17. hxg3 Qxg3 18. Bc5 Re8 19. Bd6 Qg5+ 20. Kb1 Rb6
21. e5 Rxd6 22. exd6 Bb7 23. Bd3 f5 24. Rhg1 Rc8 25. a4 b4 26. Ne2 Qe3 27. Ned4
g6 28. Rge1 Qg3 29. Bf1 e5 30. Na5 Be4 31. Bxa6 Rc5 32. Nab3 Bxc2+ 33. Nxc2 Qxb3
34. Ne3 f4 35. Rd5 Rc3 36. Bc4 Rxc4 37. Nxc4 Qxc4 38. Rdxe5 Qd3+ 39. Ka1 Qc2 40.
Ra5 Kg7 41. Ra7 Kf6 42. Rb1 g5 43. b3 Ke6 44. Rb2 Qc1+ 45. Ka2 Kxd6 46. Rb7 Qc3
47. Rb5 h6 48. a5 1/2-1/2